000 00784nam a2200265Ia 4500
003 OSt
005 20220924123543.0
006 a|||||r|||| 00| 0
007 ta
008 220923b |||||||| |||| 00| 0 hin d
020 _a8188122386 (hbk)
020 _c70
024 _a236745
037 _b426, 04/03/2008, University Book House
_cTextual
040 _aARTS
_cARTS
_bhin
041 _2hin
_ahin
082 _aO15,3H00,1, 152P6
100 _aSharma Narayan
_9193151
245 0 _aHitopdesh
260 _aNew Delhi
_b Bhartiya Prakashan Sansthan India
_c2006
300 _a136p.
_ccm.
650 _aENGLISH LITERATURE
942 _hO15,3H00,1, 152P6
_cTEXL
_2CC
999 _c416223
_d416223